|
|
|
|
| LEADER |
00000nam a22000007a 4500 |
| 005 |
20220919235148.0 |
| 007 |
cr|||| |||| |
| 008 |
220919s2011 us |||||s|||| 00||0 eng d |
| 020 |
|
|
|a 978-1-5876-132-6
|
| 035 |
|
|
|a 36432
|
| 040 |
|
|
|a vLex
|
| 090 |
|
|
|c 13953
|d 13953
|
| 100 |
1 |
|
|a McMichael, Susan M.
|
| 245 |
1 |
0 |
|a RCRA permitting deskbook
|h [Recurso electrn̤ico] /
|c Susan M. McMichael
|
| 256 |
|
|
|a Servicio en ln̕ea
|
| 260 |
|
|
|a Washington DC:
|b Environmental Law Institute,
|c 2011
|
| 300 |
|
|
|a 1 recurso electrn̤ico
|
| 500 |
|
|
|a The Resource Conservation and Recovery Act (RCRA) was enacted as an amendment to the Solid Waste Disposal Act of 1965, and is a combination of the first solid waste statutes and all subsequent amendments.RCRA is a complex area, and the misinterpretation of its requirements goes to the heart of environmental compliance and protection. Problems may arise that cause major delays in processing permits and modifications, resulting in unnecessary costs not only for those seeking a permit, but also for the permitting authorities. The Deskbook provides a comprehensive, peer-reviewed overview of the substantive permitting requirements for treatment, storage, and disposal facilities and incorporates relevant legal research by identifying major administrative, federal, and state court decisions
|
| 506 |
1 |
|
|a Disponible solo en los productos indicados
|d vLex Global
|d vLex Global (Academic Edition, excluding Law Schools)
|d vLex Global (Academic Edition, Law Schools)
|
| 650 |
0 |
4 |
|a Derecho del Medio Ambiente
|z Estados Unidos
|
| 740 |
0 |
|
|a vLex Libros (Servicio en ln̕ea)
|
| 856 |
4 |
0 |
|u https://app.vlex.com/#/sources/36432
|z Acceso restringido
|
| 942 |
|
|
|c BOOK
|
| 999 |
0 |
|
|a Environmental Law
|